000 00848ngm a22002770a 4500
001 PT23264
003 AR-LpoUNG
005 20210202000329.0
007 vd cvaizq
008 191001s2006||||ag |||||||||||||||||spa d
037 _c$9
040 _aAR-LpoUNG
_bspa
_cAR-LpoUNG
_eaacr
041 _aspa
044 _aag
082 0 _a982.064 696pas
100 1 _aRodríguez, Manane
_edir.
245 1 4 _aLos pasos perdidos
260 _as.l.
_bSBP,
_c2006.
300 _aDVD (104 min.) : son., col.
520 _aMónica tiene veinte años y vive en España con sus padres, que emigraron de la Argentina cuando ella era chica. Su vida es normal, hasta que aparece un hombre llamado Bruno que la hará descubrir su verdadera identidad.
653 _aCINE ARGENTINO
653 _aDVD
653 _aVIDEOS
905 _a23264
942 _cDVD
999 _c54637
_d54637